عرض عادي
عرض مارك
- Leadership
مدخل مصطلح موضوعي
001 - رقم الضبط
- حقل الضبط: 18285
003 - معرف رقم الضبط
- حقل الضبط: OSt
005 - تاريخ ووقت أخر عملية
- حقل الضبط: 20121223205236.0
008 - عناصر بيانات ثابتة الطول
- حقل تحكم ثابت الطول: 121223|||a|||||| | ||| d
040 ## - مصدر الفهرسة
- هيئة الفهرسة الأصلية: OSt
- وكالة الكتابة: OSt
150 ## - مدخل-- مصطلح تاريخي
- عنصر مدخل المصطلح الموضوعي او الاسم الجغرافي: Leadership
- تفريع عام: Social aspects.
670 ## - بيانات المصدر موجوده
- الاستشهاد بالمصدر: Work cat.: (OSt)0: Burtis, John Orville. 18284, Leadership communication as citizenship :, c2010.
